Joueurs du FC Barcelone - Mort subite - Statistiques

Statistiques générales
  • Ce quiz a été pris 687 fois
    602 depuis la dernière actualisation
  • Le résultat moyen est 12 sur 20
Answers on the Grid
Answers color-coded by a green-red scale on the quiz's grid according to % correct below.
Alejandro Garnacho
Roony Bardghji
Clément Lenglet
Alexis Sánchez
Paulinho
Isco
Juan Mata
Sergiño Dest
Héctor Bellerín
Cristian Tello
David Silva
Antoine Griezmann
Franck Kessié
Álex Grimaldo
Adama Traoré
Saúl Ñíguez
Francisco Trincão
Marc Cucurella
Pedro
Samir Nasri
Cesc Fàbregas
Philippe Coutinho
Nélson Semedo
Robinho
Riqui Puig
Andrea Pirlo
Jérémy Mathieu
Edinson Cavani
Samuel Umtiti
Thomas Vermaelen
 
Statistiques - réponses
Réponse % Correct
Clément Lenglet
88%
Alexis Sánchez
80%
Antoine Griezmann
76%
Sergiño Dest
74%
Roony Bardghji
71%
Franck Kessié
68%
Samuel Umtiti
65%
Paulinho
63%
Philippe Coutinho
62%
Adama Traoré
61%
Héctor Bellerín
59%
Pedro
57%
Jérémy Mathieu
55%
Riqui Puig
52%
Cesc Fàbregas
50%
Nélson Semedo
49%
Cristian Tello
47%
Thomas Vermaelen
40%
Francisco Trincão
39%
Marc Cucurella
34%
Aucun quiz correspondant
Distribution des résultats
% des personnes avec chaque résultat
Percentile par nombre de réponses
Votre historique - résultats
Vous n’avez pas pris ce quiz depuis la dernière actualisation